| 000 | 00826nam a2200241Ia 4500 | ||
|---|---|---|---|
| 003 | Ost | ||
| 005 | 20260507075137.0 | ||
| 008 | 260507s9999||||xx |||||||||||||| ||und|| | ||
| 020 | _a8222917977 | ||
| 040 | _cfsecg | ||
| 041 | _aara | ||
| 082 | _a330 | ||
| 100 |
_aلطفى، امين السيد احمد _eمؤلف |
||
| 245 | 0 |
_aنظرية المحاسبة : _bالقياس و الافصاح و التقرير المالي عن الالتزامات و حقوق الملكية / _c امين السيد احمد لطفى |
|
| 260 |
_aالاسكندرية: _bالدار الجامعية, _c2007 |
||
| 300 |
_a637 صفحة؛ _bإيضاحات ؛ |
||
| 653 | _aافصاح | ||
| 653 | _aتقرير مالي | ||
| 653 | _aقياس | ||
| 653 | _aمحاسبة | ||
| 653 | _aنظرية المحاسبة | ||
| 942 | _cكتاب | ||
| 999 |
_c43279 _d43279 |
||